La montaña y su gente

Spremljeno u:
Bibliografski detalji
Glavni autori: Talero de Husaín, Elsa Leonor (Autor), Umaña de Gauthier, Gloria (Autor), Chávez, Gilma (Autor)
Format: Knjiga
Jezik:španjolski
Izdano: Bogotá Universidad Pedagógica Nacional 1990
Serija:<El >proyecto de educación ambiental en prevención de desastres
Teme:
Oznake: Dodaj oznaku
Bez oznaka, Budi prvi tko označuje ovaj zapis!

MARC

LEADER 00000nam a2200000 a 4500
001 UCQ5729
003 CL-VaPUC
008 981002e19900000CK |||||||||||||||||spa|d
082 0 4 |a 372.357  |b TAL  |2 21 
100 0 |a Talero de Husaín, Elsa Leonor  |e author  |9 419766 
700 0 |a Umaña de Gauthier, Gloria  |e author  |9 419767 
700 0 |a Chávez, Gilma  |e author  |9 419768 
245 1 3 |a La montaña y su gente 
300 |a 85 p 
942 |c BK 
945 |d 19981002 00:00:00  |a aarredon 
260 |a Bogotá  |b Universidad Pedagógica Nacional  |c 1990 
650 0 |a Educación ambiental  |9 262920 
650 7 |a MONTAÑAS  |2 CL-VaPUC  |9 351402 
650 0 |a Rios  |9 261760 
650 0 |a Suelos  |9 260322 
650 0 |a Energía   |9 259431 
650 7 |a DESERTIFICACION  |2 CL-VaPUC  |9 419769 
650 0 |a Urbanización   |9 265706 
650 0 |a Salud  |9 258663 
650 0 |a Pobreza  |9 258652 
650 0 |a Alimentos  |9 256203 
650 0 |a Educación básica   |9 224933 
583 |a last modification  |c 19981002 00:00:00  |k Rodrigo Vera 
490 0 |a <El >proyecto de educación ambiental en prevención de desastres 
999 |c 275920  |d 275918 
952 |0 0  |1 0  |4 0  |6 372_357000000000000_TAL_1990  |7 0  |8 P  |9 312850  |a BIBEDU  |b BIBEDU  |c BIBEDU_PB  |d 2019-11-20  |i 3467384  |o 372.357 TAL 1990  |p 3467384  |r 2024-01-25  |w 2019-11-20  |y BK  |k BME